000 00657nam a22002177a 4500
003 UA-OsUOA
001 71995
007 ta
008 20101217b un ||||| |||| 00| 0 ukr d
100 _aХорунжий М.Й,
090 _a330(477)
_bХ82
942 _cSA
040 _aUA-OsUOA
_bukr
_cUA-OsUOA
_dUA-OsUOA
245 _aЕкономіка села в контексті організаційно-економічних трансформацій
300 _aС.136-142
955 _a0
041 _aukr
080 _a330(477)
773 0 _w71987
_tЕкономіка АПК
_dК.
_d2010
_g11
650 7 _a330 Економіка взагалі
_2UDC
999 _c358227
_d358227